| 000 | 00417nam a2200145Ia 4500 | ||
|---|---|---|---|
| 008 | 220120s9999||||xx |||||||||||||| ||und|| | ||
| 020 | _a9780070611948 | ||
| 082 | _a620.001 CHA | ||
| 100 | _aChandrupatla, Tirupathi R and Belegundu, Ashok D | ||
| 245 | 0 | _aIntroduction to Finite Elements in Engineering | |
| 250 | _a3rd | ||
| 260 |
_aPHI _bNew Delhi _c2012 |
||
| 300 |
_axviii;789 _b450 |
||
| 650 | _aCOMPUTER SCIENCE | ||
| 999 |
_c132682 _d132682 |
||